[Event "Bad Soden U14 op"]
[Site "Bad Soden"]
[Date "2017.10.02"]
[Round "6"]
[White "Samodurov, Georg"]
[Black "Boder, Finn"]
[Result "0-1"]
[WhiteElo "831"]
[BlackElo "968"]
[PlyCount "86"]
[EventDate "2017.09.30"]
[EventType "swiss"]
[EventRounds "9"]
[EventCountry "GER"]
[SourceTitle "EXT 2019"]
[Source "ChessBase"]
[SourceDate "2018.10.10"]
[SourceVersion "1"]
[SourceVersionDate "2018.10.10"]
[SourceQuality "1"]

1. e4 e5 2. Nf3 Nc6 3. Bc4 Bc5 4. c3 a6 5. a3 Nf6 6. d4 exd4 7. cxd4 Ba7 8. Nc3 d6 9. 0-0 Bg4 10. h3 Bh5 11. Qd3 0-0 12. Re1 Qe7 13. e5 Bxf3 14. Qxf3 dxe5 15. dxe5 Nxe5 16. Qxb7 Nf3+ 17. Qxf3 Qxe1+ 18. Bf1 Bd4 19. Nd1 Rad8 20. Be3 Bxb2 21. Rb1 Bxa3 22. Qe2 Qxe2 23. Bxe2 Nd5 24. Bg5 Rde8 25. Bc4 Re1+ 26. Kh2 Nb6 27. Bxa6 h6 28. Bf4 Nd5 29. Bd2 Re6 30. Bc4 Rd6 31. Ra1 Bb4 32. Bc1 Nb6 33. Be2 Re8 34. Bf3 c5 35. Be3 c4 36. Rc1 Bd2 37. Rc2 Bxe3 38. fxe3 Rc8 39. Bb7 Rc7 40. Bf3 Kf8 41. Be4 Rxd1 42. Bf3 Rd3 43. Be2 Rxe3 0-1

[Event "Bad Soden U14 op"]
[Site "Bad Soden"]
[Date "2017.10.01"]
[Round "3"]
[White "Boder, Finn"]
[Black "Goetz, Fenja"]
[Result "1/2-1/2"]
[WhiteElo "968"]
[BlackElo "1236"]
[PlyCount "68"]
[EventDate "2017.09.30"]
[EventType "swiss"]
[EventRounds "9"]
[EventCountry "GER"]
[SourceTitle "EXT 2019"]
[Source "ChessBase"]
[SourceDate "2018.10.10"]
[SourceVersion "1"]
[SourceVersionDate "2018.10.10"]
[SourceQuality "1"]

1. e4 c5 2. Nf3 Nc6 3. Bc4 g6 4. Nc3 Bg7 5. d3 d6 6. h3 Nf6 7. 0-0 0-0 8. Bf4 Bd7 9. Qd2 a6 10. a4 Nb4 11. Nd5 Nfxd5 12. Bxd5 Nxd5 13. exd5 Bxb2 14. Rab1 Bg7 15. Bh6 Rb8 16. Bxg7 Kxg7 17. Qc3+ Kg8 18. d4 Qc7 19. Rfe1 Rfe8 20. a5 Bf5 21. g4 Bd7 22. Ng5 h6 23. Ne4 b6 24. axb6 Rxb6 25. Rxb6 Qxb6 26. dxc5 dxc5 27. Qxc5 Qxc5 28. Nxc5 Bb5 29. d6 exd6 30. Rxe8+ Bxe8 31. Nxa6 Kf8 32. Kg2 Ke7 33. Kf3 Bc6+ 34. Ke3 Bb5 1/2-1/2